Statistiques concernant Stade de Reims - Effectif 2023/2024

Cliquez ici pour prendre le quiz!

Statistiques générales

  • Ce quiz a été pris 141 fois
  • Le résultat moyen est 16 sur 23

Statistiques - réponses

PostePaysJoueur% Correct
EntraineurBelgiqueWill Still
97%
AJaponJunya Ito
96%
MMalteTeddy Teuma
88%
GFranceYehvann Diouf
88%
DMarocYunis Abdelhamid
86%
AJaponKeito Nakamura
85%
DBelgiqueThomas Foket
80%
MZimbabweMarshall Munetsi
78%
MMarocAmir Richardson
75%
MPays-BasAzor Matusiwa
73%
DBelgiqueThibault De Smet
69%
DGuinéeIbrahim Diakité
65%
ACôte d’IvoireOumar Diakité
65%
DCôte d’IvoireEmmanuel Agbadou
63%
DAngleterreJosh Wilson-Esbrand
60%
DKenyaJoseph Okumu
59%
MAllemagneReda Khadra
59%
GFranceLudovic Butelle
54%
AKosovoArber Zeneli
51%
DBelgiqueMaxime Busi
49%
GFranceAlexandre Olliero
47%
AGambieAdama Bojang
39%
AFranceAmine Salama
39%

Distribution des résultats

Percentile par nombre de réponses

% des personnes avec chaque résultat

Votre développement - résultats

Vous n’avez pas pris ce quiz